000 00720nam a2200217 a 4500
001 BRCA_5260
005 20190320205016.0
008 301110s1939----gw-a######---#000-0#ger-#
041 _ager
044 _agw
050 4 _aZ2680
_b.M58
_c1939
245 1 0 _aMittelrheinische malerei 1800-1900
_bkatalog der von der Stadt Wiesbaden veranstalteten austellung.
260 _aWiesbaden, Alemania
_bNassauisches, Landesmuseum
_c1939
300 _a27 p.
_bil., 8 láminas
_c19 cm.
500 _aCatálogo de la exposición realizada en Wiesbaden, Alemania, 25 abril - 11 junio, 1939
500 _aE79
650 1 4 _aExposiciones
_vCatálogos
_913472
651 4 _aAlemania
_zWiesbaden
_913473
902 _aGFM
942 _2lcc
_cB
999 _c4954
_d4954